00279nam a2200121Ia 4500008004100000082001500041100001800056245003000074250000800104260002700112300001000139650000800149191201s2010 xx 000 0 und d a658.3bJOH aSHASHI, Gupta 0aHuman Resource Management aRep aN.Delhibkalyanic2010 a28.23 aBBA